Guess the Olivia Rodrigo song 3 (no hints) - Statistics

General Stats
  • This quiz has been taken 264 times
  • The average score is 271 of 392
Answer Stats
Answer % Correct
I
98%
a
97%
you
93%
you,
93%
You
93%
me
91%
me,
91%
the
90%
The
90%
love,
85%
love
85%
so
84%
your
84%
and
83%
And
83%
do
82%
to
82%
be
80%
it
78%
know
78%
my
78%
for
77%
when
77%
you're
77%
You're
77%
But
76%
but
76%
was
75%
like
73%
that
73%
vampire
73%
God,
72%
God
72%
how
72%
How
72%
(How
72%
of
72%
think
71%
at
70%
oh
70%
Oh,
70%
one
70%
'Cause
69%
'cause
69%
Look
69%
look
69%
made
69%
now
69%
her
68%
way
68%
were
68%
as
67%
As
67%
Hate
67%
hate
67%
make
67%
got
66%
Can't
65%
can't
65%
I've
65%
some
65%
too
65%
what
65%
out
64%
out,
64%
worst
64%
never
63%
fine
62%
mistakes
62%
used
62%
big
61%
girl
61%
goddamn
61%
only
61%
bad,
60%
bad
60%
dry
60%
ever
60%
into
60%
Just
60%
just
60%
lie
60%
lie?
60%
lie?)
60%
night
60%
real
60%
about?
59%
Care
59%
come
59%
fame
59%
fucker
59%
naive
59%
said
59%
smart
59%
strange
59%
would
59%
teeth
58%
told
58%
give
57%
known
57%
Bleedin'
56%
Bloodsucker,
56%
heart
56%
loved
56%
not
56%
parts
56%
should've
56%
sold
56%
them
56%
every
55%
had
54%
mean
54%
crazy,
53%
crazy
53%
doing
53%
guy,
53%
I'll
53%
satisfaction
53%
called
52%
cool
52%
people
52%
up
52%
asking
51%
news
51%
pretend
51%
see
51%
talked
51%
wanted
50%
castle
49%
thing
49%
true
49%
anyone
48%
sunk
48%
convincing
46%
eyes
46%
built
45%
How's
45%
will
45%
without
45%
girls
44%
hard?
44%
laugh
44%
tried
44%
understand
44%
age
43%
better
43%
close
42%
kind
42%
off
42%
wouldn't
42%
flinching?
41%
knows
41%
truly
41%
figure
40%
help
40%
stupidity
40%
torture
40%
diamonds
39%
gotta
39%
months
39%
sometimes
39%
little
38%
paradise
38%
Six
38%
forbidden
37%
parties
37%
fucked
36%
thrill
32%
think's
30%
'em
27%
mesmerizing,
27%
Went
25%
paralyzing,
23%
No matching quizzes found
Score Distribution
Percent of People with Each Score
Percentile by Number Answered
Your Score History
You have not taken this quiz